00336pab a2200121 454500008004000000100001900040245008400059260000900143300001300152362001200165650001100177773002600188180718b2002 xxu||||| |||| 00| 0 eng d aSabarwal, P.C. a"Does public evaluate police performance on the same parameters as police does? c2002 ap.62-71. aOct-Dec aPolice aIndian Police Journal